Pla d'acció cultural d'Olesa de Montserrat
Publicado:
Barcelona :
Diputació de Barcelona. Àrea de Cultura. Centre d'Estudis i Recursos Culturals (CERC) : Ajuntament d'Olesa de Montserrat. Baix Llobregat - Barcelona ,
2009
Descripción Física:
203 p. : taules ; 30 cm
MARC
| LEADER | 00000nam a2200000Ia 4500 | ||
|---|---|---|---|
| 001 | 21910 | ||
| 008 | 160829s2009 xx 000 0 cat d | ||
| 080 | |a M-6-261 | ||
| 245 | |a Pla d'acció cultural d'Olesa de Montserrat | ||
| 260 | |a Barcelona : |b Diputació de Barcelona. Àrea de Cultura. Centre d'Estudis i Recursos Culturals (CERC) : |b Ajuntament d'Olesa de Montserrat. Baix Llobregat - Barcelona, |c 2009 | ||
| 300 | |a 203 p. : |b taules ; |c 30 cm | ||
| 651 | 0 | |a Olesa de Montserrat (Catalunya) |x Política cultural |9 55168 | |
| 710 | 1 | |a Barcelona (Catalunya : Província). |b Àrea de Cultura |9 53536 | |
| 710 | 1 | |a Olesa de Montserrat (Catalunya). |b Ajuntament |9 55307 | |
| 901 | |a Arxiu | ||
| 942 | |n 1 | ||
| 952 | |0 0 |1 0 |4 0 |6 M6261 |7 1 |9 53024 |a Arxiu |b Arxiu |d 2016-12-01 |l 0 |o M-6-261 |p 21910 |r 2016-12-01 00:00:00 |w 2016-12-01 |y ARXIU | ||
| 999 | |c 56873 |d 56873 | ||